Serie A 21/22 - Statistics

General Stats
  • This quiz has been taken 28 times
  • The average score is 16 of 20
Answer Stats
Club % Correct
Inter
100%
Juventus
100%
Milan
100%
Napoli
100%
Atalanta
96%
Lazio
96%
Roma
96%
Fiorentina
88%
Torino
88%
Cagliari
80%
Genoa
80%
Udinese
80%
Bologna
76%
Sampdoria
76%
Venezia
76%
Sassuolo
72%
Hellas Verona
68%
Empoli
56%
Salernitana
56%
Spezia
52%
No matching quizzes found
Score Distribution
Percent of People with Each Score
Percentile by Number Answered
Your Score History
You have not taken this quiz